000 00773nam a2200253 a 4500
001 BRCA_5096
005 20190320204934.0
008 121110s1971----mx-#######---#000-0#spa-#
041 _aspa
044 _amx
050 4 _aPQ6601
_b.D53 1971
100 1 _aDíaz Fernández, Ceferino
_912994
245 1 0 _aEl rediezcubrimiento de México
_cpor Ceferino Díaz Fernández en colaboración con Marco A. Almazán.
250 _a4
260 _aMéxico
_bNovaro
_c1971
300 _a157 p.
_c22 cm.
500 _aLa biblioteca tiene 2 ejemplares con el mismo número de inventario
500 _aDD49
650 1 4 _aHumorismo mexicano
_912995
651 4 _aMéxico
_xVida social y costumbres
_9769
700 1 _aAlmazán, Marco A.
_912996
902 _aGFM
942 _2lcc
_cB
999 _c4790
_d4790